[Event "Titled Tuesday intern op 14th Mar Late"]
[Site "Chess.com INT"]
[Date "2023.03.14"]
[Round "11"]
[White "Rodrigues, Tiago Pereira"]
[Black "Harish, Neeraj"]
[Result "1-0"]
[WhiteElo "2155"]
[BlackElo "2127"]
[PlyCount "71"]
[EventDate "2023.03.14"]
[EventType "swiss (blitz)"]
[EventRounds "11"]
[EventCountry "USA"]
[SourceTitle "EXT 2024"]
[Source "ChessBase"]
[SourceDate "2023.10.10"]
[SourceVersion "1"]
[SourceVersionDate "2023.10.10"]
[SourceQuality "1"]

1. d4 d5 2. Bf4 Nf6 3. e3 c6 4. c4 e6 5. Nc3 Nbd7 6. h3 Be7 7. Nf3 0-0 8. Qc2 h6 9. c5 b6 10. b4 a5 11. b5 bxc5 12. bxc6 Nb6 13. Rb1 Nc4 14. Bxc4 dxc4 15. c7 Qe8 16. Rb8 Ra7 17. 0-0 Rb7 18. Rb1 Rxb1+ 19. Qxb1 Nd5 20. Nxd5 exd5 21. Qb6 c3 22. Qb3 cxd4 23. Nxd4 Qd7 24. Qxc3 Bb4 25. Qc6 Qxc6 26. Nxc6 Bd7 27. Nxb4 axb4 28. Bd6 Rc8 29. Bxb4 Kh7 30. Bd6 Kg6 31. a4 Kf5 32. a5 Ke6 33. Bg3 d4 34. exd4 Kd5 35. a6 Kc6 36. a7 1-0

[Event "Titled Tuesday intern op 14th Mar Late"]
[Site "Chess.com INT"]
[Date "2023.03.14"]
[Round "6"]
[White "Rodrigues, Tiago Pereira"]
[Black "Smith, Garrett L"]
[Result "1-0"]
[WhiteElo "2155"]
[BlackElo "2047"]
[PlyCount "41"]
[EventDate "2023.03.14"]
[EventType "swiss (blitz)"]
[EventRounds "11"]
[EventCountry "USA"]
[SourceTitle "EXT 2024"]
[Source "ChessBase"]
[SourceDate "2023.10.10"]
[SourceVersion "1"]
[SourceVersionDate "2023.10.10"]
[SourceQuality "1"]

1. e4 c5 2. Nf3 Nc6 3. d3 e6 4. Nbd2 d5 5. Be2 g6 6. c3 d4 7. cxd4 cxd4 8. 0-0 Bg7 9. b4 Nxb4 10. Qa4+ Nc6 11. Ba3 Nge7 12. Rfb1 0-0 13. Nc4 a5 14. Bc5 Ra6 15. Rb2 Re8 16. Nd6 Rf8 17. Nxb7 Bxb7 18. Rxb7 Re8 19. Qb5 Qa8 20. a3 Rc8 21. Bxe7 1-0

[Event "Titled Tuesday intern op 14th Mar Late"]
[Site "Chess.com INT"]
[Date "2023.03.14"]
[Round "7"]
[White "Todev, Simeon"]
[Black "Rodrigues, Tiago Pereira"]
[Result "0-1"]
[WhiteElo "2119"]
[BlackElo "2155"]
[PlyCount "114"]
[EventDate "2023.03.14"]
[EventType "swiss (blitz)"]
[EventRounds "11"]
[EventCountry "USA"]
[SourceTitle "EXT 2024"]
[Source "ChessBase"]
[SourceDate "2023.10.10"]
[SourceVersion "1"]
[SourceVersionDate "2023.10.10"]
[SourceQuality "1"]

1. e4 c5 2. Nf3 a6 3. c4 e6 4. Nc3 d6 5. d3 Nd7 6. Be3 Ngf6 7. g3 Ng4 8. Bg2 Nxe3 9. fxe3 Be7 10. 0-0 Qc7 11. Qe2 0-0 12. d4 Rb8 13. Rac1 b5 14. cxb5 axb5 15. Nxb5 Qa5 16. Nc3 Ba6 17. Qf2 Bxf1 18. Rxf1 Qb4 19. Nd1 e5 20. Bh3 Nf6 21. dxe5 Nxe4 22. Qc2 d5 23. e6 f5 24. Ne5 g6 25. Nd7 Qd2 26. Qxd2 Nxd2 27. Rf2 Ne4 28. Rc2 c4 29. Nxf8 Kxf8 30. Bg2 Bg5 31. Bxe4 fxe4 32. h4 Bf6 33. Rd2 Rb5 34. a4 Ra5 35. Nc3 Bxc3 36. bxc3 Ke7 37. Rb2 Rxa4 38. Rb7+ Kxe6 39. Rxh7 Ra3 40. Rg7 Kf6 41. Rd7 Ke5 42. Re7+ Kf5 43. Kg2 Rxc3 44. Rf7+ Ke6 45. Rg7 Kf6 46. Rd7 Rd3 47. g4 c3 48. Rd6+ Kf7 49. Kg3 Rxe3+ 50. Kf4 Rd3 51. Ke5 e3 52. Rd7+ Ke8 53. Ra7 e2 54. Ra8+ Kd7 55. Ra7+ Kc6 56. Ra6+ Kb5 57. Ra1 Rd1 0-1

[Event "Titled Tuesday intern op 28th Feb Late"]
[Site "Chess.com INT"]
[Date "2023.02.28"]
[Round "7"]
[White "Rodrigues, Tiago Pereira"]
[Black "Micic, Aleksa"]
[Result "1-0"]
[WhiteElo "2155"]
[BlackElo "2273"]
[PlyCount "103"]
[EventDate "2023.02.28"]
[EventType "swiss (blitz)"]
[EventRounds "11"]
[EventCountry "USA"]
[SourceTitle "CBM 213 Extra"]
[Source "ChessBase"]
[SourceDate "2023.05.31"]
[SourceVersion "1"]
[SourceVersionDate "2023.05.31"]
[SourceQuality "1"]

1. d4 Nf6 2. Bf4 c5 3. c3 Qb6 4. Qc2 cxd4 5. cxd4 Nc6 6. e3 d6 7. Nf3 g6 8. Nc3 Bf5 9. Qb3 Qxb3 10. axb3 Bg7 11. h3 0-0 12. Bb5 Nb4 13. 0-0 a6 14. Bc4 b5 15. Be2 Be6 16. Nd2 Nfd5 17. Bg5 h6 18. Bh4 g5 19. Bg3 Rfc8 20. Rfc1 f5 21. Bh2 Kf7 22. Bh5+ Kg8 23. Be2 Ra7 24. Nxd5 Rxc1+ 25. Rxc1 Bxd5 26. Rc8+ Kh7 27. Nb1 Bxb3 28. Nc3 e5 29. dxe5 dxe5 30. g4 f4 31. Kf1 Rd7 32. Bf3 Bc4+ 33. Kg2 Bd3 34. h4 Bf6 35. h5 Kg7 36. Ra8 Rc7 37. Nd5 Nxd5 38. Bxd5 Rd7 39. e4 b4 40. Rg8+ Kh7 41. Rb8 Kg7 42. Rxb4 a5 43. Rb6 a4 44. Rb4 Bc2 45. f3 Be7 46. Rb8 Bc5 47. Rc8 Bd4 48. Rxc2 Ra7 49. Bg1 a3 50. bxa3 Bxg1 51. Kxg1 Rxa3 52. Kf2 1-0

[Event "Titled Tuesday intern op 28th Feb Late"]
[Site "Chess.com INT"]
[Date "2023.02.28"]
[Round "11"]
[White "Rodrigues, Tiago Pereira"]
[Black "Mortazavi, Ali"]
[Result "1-0"]
[WhiteElo "2155"]
[BlackElo "2333"]
[PlyCount "73"]
[EventDate "2023.02.28"]
[EventType "swiss (blitz)"]
[EventRounds "11"]
[EventCountry "USA"]
[SourceTitle "CBM 213 Extra"]
[Source "ChessBase"]
[SourceDate "2023.05.31"]
[SourceVersion "1"]
[SourceVersionDate "2023.05.31"]
[SourceQuality "1"]

1. d4 Nf6 2. Bf4 g6 3. e3 Bg7 4. Be2 0-0 5. h4 h5 6. g4 hxg4 7. Bxg4 d6 8. Bf3 c5 9. Nc3 cxd4 10. exd4 Qa5 11. Nge2 Nc6 12. Bd2 Bg4 13. Nd5 Bxf3 14. Nxf6+ Bxf6 15. Bxa5 Bxh1 16. Bc3 Be4 17. Ng3 Bd5 18. Qg4 b5 19. h5 b4 20. hxg6 bxc3 21. gxf7+ Kxf7 22. Qh5+ Kg7 23. Nf5+ Kg8 24. Qg6+ Kh8 25. Qh5+ Kg8 26. Nh6+ Kg7 27. Qxd5 cxb2 28. Nf5+ Kg6 29. Rb1 Nb4 30. Qe4 d5 31. Qg4+ Kf7 32. Rxb2 a5 33. c3 Nd3+ 34. Ke2 Nxb2 35. Qh5+ Ke6 36. Ne3 Rg8 37. Qxd5# 1-0

[Event "Titled Tuesday intern op 14th Feb Late"]
[Site "Chess.com INT"]
[Date "2023.02.14"]
[Round "4"]
[White "Georg, Heinz"]
[Black "Rodrigues, Tiago Pereira"]
[Result "1/2-1/2"]
[WhiteElo "2167"]
[BlackElo "2155"]
[PlyCount "135"]
[EventDate "2023.02.14"]
[EventType "swiss (blitz)"]
[EventRounds "11"]
[EventCountry "USA"]
[SourceTitle "CBM 212 Extra"]
[Source "ChessBase"]
[SourceDate "2023.03.31"]
[SourceVersion "1"]
[SourceVersionDate "2023.03.31"]
[SourceQuality "1"]

1. e4 c5 2. Nf3 a6 3. c4 d6 4. Nc3 Bg4 5. Be2 Nc6 6. d3 g6 7. Be3 Bg7 8. 0-0 Nf6 9. d4 Bxf3 10. Bxf3 cxd4 11. Bxd4 Nxd4 12. Qxd4 0-0 13. Qd3 Nd7 14. Rac1 Rc8 15. b3 Re8 16. Nd5 e6 17. Ne3 Qc7 18. g3 h5 19. h4 Ne5 20. Qe2 Red8 21. Bg2 Qa5 22. f4 Nc6 23. f5 Ne5 24. Bh3 Re8 25. fxg6 fxg6 26. Rcd1 Qc5 27. Kh1 Qc6 28. Ng2 Re7 29. Nf4 Rce8 30. Kh2 Bh6 31. Nd3 Bg7 32. Nf4 Kh7 33. g4 hxg4 34. Bxg4 Nxg4+ 35. Qxg4 Qxe4 36. h5 gxh5 37. Qxh5+ Kg8 38. Ng6 Be5+ 39. Nxe5 Qxe5+ 40. Qxe5 dxe5 41. Rg1+ Kh7 42. Rg5 Rf8 43. Rdg1 Rf5 44. R5g4 Rh5+ 45. Kg3 Rg7 46. Kf3 Rxg4 47. Kxg4 Kg6 48. Rd1 Rh2 49. Rd7 b5 50. cxb5 axb5 51. a4 bxa4 52. bxa4 Ra2 53. Ra7 Kf6 54. a5 Ra4+ 55. Kf3 e4+ 56. Kf4 e5+ 57. Ke3 Ke6 58. a6 Kf5 59. Rf7+ Ke6 60. Ra7 Kd6 61. Ra8 Kc7 62. Re8 Kd6 63. Ra8 Kc6 64. Re8 Rxa6 65. Re6+ Kb5 66. Rxa6 Kxa6 67. Kxe4 Kb6 68. Kxe5 1/2-1/2

[Event "Titled Tuesday intern op 17th Jan Late"]
[Site "Chess.com INT"]
[Date "2023.01.17"]
[Round "9"]
[White "Rego, Pedro Filipe"]
[Black "Rodrigues, Tiago Pereira"]
[Result "0-1"]
[WhiteElo "2300"]
[BlackElo "2155"]
[PlyCount "72"]
[EventDate "2023.01.17"]
[EventType "swiss (blitz)"]
[EventRounds "11"]
[EventCountry "USA"]
[SourceTitle "CBM 212 Extra"]
[Source "ChessBase"]
[SourceDate "2023.03.31"]
[SourceVersion "1"]
[SourceVersionDate "2023.03.31"]
[SourceQuality "1"]

1. d4 Nf6 2. Nc3 d5 3. Bf4 a6 4. Nf3 Bf5 5. e3 e6 6. Ne5 h6 7. g4 Bh7 8. h4 Nfd7 9. Bd3 Bxd3 10. Qxd3 Nxe5 11. Bxe5 Nc6 12. Bg3 Bd6 13. 0-0-0 Qd7 14. Bxd6 cxd6 15. e4 dxe4 16. Nxe4 Ne7 17. Kb1 0-0-0 18. Rhe1 Kb8 19. a3 Qc7 20. Qf3 Rhf8 21. Rd3 Nd5 22. g5 hxg5 23. hxg5 Rh8 24. Rc1 Rh4 25. c4 Nb6 26. c5 dxc5 27. Nxc5 Rf4 28. Qg3 Qd6 29. Rb3 Nd5 30. Rxb7+ Ka8 31. g6 fxg6 32. Qxg6 Qf8 33. Nxe6 Qe8 34. Nc7+ Nxc7 35. Qb6 Qe4+ 36. Ka1 Qxb7 0-1

[Event "Titled Tuesday intern op 17th Jan Late"]
[Site "Chess.com INT"]
[Date "2023.01.17"]
[Round "10"]
[White "Rodrigues, Tiago Pereira"]
[Black "Estrada Nieto, Julian"]
[Result "1-0"]
[WhiteElo "2155"]
[BlackElo "2248"]
[PlyCount "107"]
[EventDate "2023.01.17"]
[EventType "swiss (blitz)"]
[EventRounds "11"]
[EventCountry "USA"]
[SourceTitle "CBM 212 Extra"]
[Source "ChessBase"]
[SourceDate "2023.03.31"]
[SourceVersion "1"]
[SourceVersionDate "2023.03.31"]
[SourceQuality "1"]

1. d4 d5 2. Bf4 Nf6 3. e3 c5 4. c3 Nc6 5. Nd2 e6 6. h3 h6 7. Ngf3 Bd6 8. Ne5 0-0 9. Bd3 cxd4 10. exd4 Bxe5 11. dxe5 Nd7 12. Nf3 f6 13. exf6 Qxf6 14. Bg3 e5 15. Bb5 d4 16. cxd4 Nxd4 17. Nxd4 exd4 18. 0-0 a6 19. Bc4+ Kh8 20. Re1 Nb6 21. Bb3 Bd7 22. Re4 d3 23. Re5 Rae8 24. Rxe8 Rxe8 25. Qxd3 Qxb2 26. Rd1 Bb5 27. Qd6 Nc4 28. Qc7 Qe2 29. Kh2 Bc6 30. Rd8 Rxd8 31. Qxd8+ Kh7 32. Bd1 Qd2 33. Qxd2 Nxd2 34. Bd6 Ne4 35. Bg3 Nc3 36. Bb3 Bd5 37. Bxd5 Nxd5 38. Bd6 Kg6 39. Kg3 Kf5 40. Bc5 Ke4 41. Bf8 g6 42. Bxh6 Nc3 43. a3 b5 44. Bf8 Ne2+ 45. Kg4 a5 46. f3+ Ke3 47. Bc5+ Kd3 48. h4 Nc3 49. h5 Kc4 50. Bd6 gxh5+ 51. Kxh5 Nd5 52. g4 Ne3 53. Kg5 Kd5 54. Bf8 1-0

[Event "Titled Tuesday intern op 17th Jan Late"]
[Site "Chess.com INT"]
[Date "2023.01.17"]
[Round "8"]
[White "Rodrigues, Tiago Pereira"]
[Black "Melikhov, Evgeny V"]
[Result "1-0"]
[WhiteElo "2155"]
[BlackElo "2269"]
[PlyCount "141"]
[EventDate "2023.01.17"]
[EventType "swiss (blitz)"]
[EventRounds "11"]
[EventCountry "USA"]
[SourceTitle "CBM 212 Extra"]
[Source "ChessBase"]
[SourceDate "2023.03.31"]
[SourceVersion "1"]
[SourceVersionDate "2023.03.31"]
[SourceQuality "1"]

1. d4 Nf6 2. Bf4 d5 3. e3 c5 4. c3 Nc6 5. Nd2 cxd4 6. exd4 Bf5 7. Qb3 Qc8 8. h3 e6 9. Ngf3 Be7 10. Bb5 a6 11. Bxc6+ Qxc6 12. Ne5 Qc8 13. 0-0 0-0 14. a4 Nd7 15. Nef3 b6 16. Rfe1 Qb7 17. Qd1 b5 18. b4 a5 19. bxa5 Rxa5 20. axb5 Rxb5 21. Nf1 h6 22. Ng3 Bg6 23. Qa4 Rb2 24. Rec1 Nb6 25. Qa7 Nc4 26. Qxb7 Rxb7 27. Nf1 Ba3 28. Rd1 Bb2 29. Ra6 Bxc3 30. Ne3 Nxe3 31. Bxe3 Rfb8 32. Ne5 Bc2 33. Rc1 Rb1 34. Rxb1 Rxb1+ 35. Kh2 Bg6 36. Nxg6 fxg6 37. Rxe6 g5 38. Rd6 Rb5 39. g4 Bb4 40. Rd7 Kf8 41. Kg2 Be7 42. f4 gxf4 43. Bxf4 Ke8 44. Ra7 Bf6 45. Be5 Bxe5 46. dxe5 d4 47. Ra4 Rxe5 48. Rxd4 Kf7 49. Rf4+ Ke7 50. Ra4 g5 51. Ra7+ Kf6 52. Kf3 Rb5 53. Rh7 Kg6 54. Rd7 Kf6 55. Rd6+ Kg7 56. Rd3 Kf6 57. Ke4 Rb4+ 58. Kd5 Rb5+ 59. Kd6 Rb6+ 60. Kd5 Rb5+ 61. Kc6 Re5 62. Rf3+ Kg6 63. Kd6 Re1 64. Kd5 Re2 65. Kd4 Re1 66. Kd3 Re7 67. Rf5 Re6 68. Kd2 Re4 69. Rc5 Rf4 70. Ke3 Rf1 71. Rc6+ 1-0

[Event "Titled Tuesday intern op 07th Sept"]
[Site "Chess.com INT"]
[Date "2021.09.07"]
[Round "4"]
[White "Rodrigues, Tiago Pereira"]
[Black "Lock, Gavin R"]
[Result "1-0"]
[WhiteElo "2155"]
[BlackElo "2107"]
[PlyCount "143"]
[EventDate "2021.09.07"]
[EventType "swiss (blitz)"]
[EventRounds "11"]
[EventCountry "USA"]
[SourceTitle "EXT 2022"]
[Source "ChessBase"]
[SourceDate "2021.10.06"]
[SourceVersion "1"]
[SourceVersionDate "2021.10.06"]
[SourceQuality "1"]

1. c4 e6 2. Nf3 d5 3. g3 Nf6 4. Bg2 d4 5. 0-0 Be7 6. e3 Nc6 7. d3 0-0 8. Re1 dxe3 9. Bxe3 e5 10. h3 Bf5 11. d4 exd4 12. Nxd4 Nxd4 13. Bxd4 c6 14. Nc3 Be6 15. b3 Qa5 16. Qc2 Rad8 17. Rad1 Rfe8 18. Re5 Qc7 19. Re2 Nd7 20. Red2 Nc5 21. f4 g6 22. Be5 Qb6 23. Kh2 Rxd2 24. Rxd2 Rd8 25. Qd1 Rxd2 26. Qxd2 Qd8 27. Qe3 Qd3 28. Bd4 Qxe3 29. Bxe3 a5 30. g4 f6 31. Kg3 Kf7 32. Bf3 a4 33. Bxc5 Bxc5 34. Nxa4 Bd4 35. Be4 b5 36. Bxc6 bxa4 37. Bxa4 Ke7 38. Bb5 Bc5 39. Kf3 Kd6 40. Be8 Bc8 41. Kg3 g5 42. fxg5 fxg5 43. h4 h6 44. hxg5 hxg5 45. Bg6 Ke5 46. Bf7 Ba3 47. Bd5 Bd7 48. Kf3 Kd4 49. Be4 Be6 50. Bg6 Ke5 51. Bd3 Bd7 52. Be4 Bc8 53. Bd3 Bb7+ 54. Kg3 Bc6 55. Bf5 Bd6 56. Kf2 Kd4 57. Ke2 Ba3 58. Kd2 Bb4+ 59. Kc2 Bf3 60. Kb2 Be4 61. a3 Be7 62. Bxe4 Kxe4 63. Kc3 Kf4 64. b4 Kxg4 65. c5 Kf3 66. a4 g4 67. a5 g3 68. a6 Bxc5 69. bxc5 g2 70. a7 g1Q 71. a8Q+ Ke3 72. Qe8+ 1-0

[Event "Titled Tuesday intern op 24th Aug"]
[Site "Chess.com INT"]
[Date "2021.08.24"]
[Round "6"]
[White "Rodrigues, Tiago Pereira"]
[Black "Donatti, Alvaro"]
[Result "1-0"]
[WhiteElo "2155"]
[BlackElo "2193"]
[PlyCount "93"]
[EventDate "2021.08.24"]
[EventType "swiss (blitz)"]
[EventRounds "11"]
[EventCountry "USA"]
[SourceTitle "EXT 2022"]
[Source "ChessBase"]
[SourceDate "2021.10.06"]
[SourceVersion "1"]
[SourceVersionDate "2021.10.06"]
[SourceQuality "1"]

1. d4 Nf6 2. Bg5 e6 3. e4 h6 4. Bxf6 Qxf6 5. c3 b6 6. Nd2 Bb7 7. Ngf3 d5 8. e5 Qd8 9. a3 c5 10. Bb5+ Nc6 11. 0-0 Be7 12. h3 0-0 13. Re1 a6 14. Bd3 cxd4 15. cxd4 a5 16. Rc1 Rc8 17. Bb5 Na7 18. Bd3 Rxc1 19. Qxc1 Qc8 20. Qb1 Ba6 21. Bh7+ Kh8 22. Rc1 Qd7 23. Bd3 Bxd3 24. Qxd3 Rc8 25. Rc3 Rxc3 26. Qxc3 Qc6 27. Qd3 Nb5 28. h4 Nc7 29. g4 Qc1+ 30. Kg2 Qxb2 31. g5 hxg5 32. hxg5 Qxa3 33. Qc2 Nb5 34. Qc6 Nc3 35. Qe8+ Kh7 36. Qxf7 Ne4 37. Qh5+ Kg8 38. g6 Ng5 39. Nxg5 Bxg5 40. Qxg5 Qf8 41. Qh5 Qf4 42. Qh7+ Kf8 43. Qh8+ Ke7 44. Qxg7+ Kd8 45. Qf6+ Qxf6 46. exf6 b5 47. g7 1-0

[Event "Jacarei op 2nd"]
[Site "Jacarei"]
[Date "2019.07.27"]
[Round "3"]
[White "Jenidarchiche, Douglas Rodrigo"]
[Black "Rodrigues, Tiago Pereira"]
[Result "0-1"]
[WhiteElo "1754"]
[BlackElo "2152"]
[PlyCount "148"]
[EventDate "2019.07.26"]
[EventType "swiss"]
[EventRounds "6"]
[EventCountry "BRA"]
[SourceTitle "CBM 191 Extra"]
[Source "ChessBase"]
[SourceDate "2019.09.30"]
[SourceVersion "1"]
[SourceVersionDate "2019.09.30"]
[SourceQuality "1"]

1. d4 Nf6 2. Nf3 g6 3. c4 Bg7 4. Nc3 d5 5. Bf4 0-0 6. e3 c5 7. Be2 Nc6 8. 0-0 cxd4 9. Nxd4 Nxd4 10. Qxd4 Be6 11. cxd5 Nxd5 12. Be5 Nxc3 13. bxc3 Bxe5 14. Qxe5 Rc8 15. Rfd1 Qc7 16. Qe4 b6 17. Ba6 Qc6 18. Qb4 Rc7 19. c4 Qc5 20. Qa4 h5 21. Rd4 Kg7 22. Rad1 Qg5 23. R1d2 h4 24. f4 Qf5 25. Qb3 h3 26. gxh3 Qxh3 27. e4 Qg4+ 28. Qg3 Rh8 29. Qxg4 Bxg4 30. Rg2 Bh3 31. Rg3 e5 32. Rdd3 Bc8 33. Bxc8 exf4 34. Rg4 Rhxc8 35. Rxf4 Re7 36. e5 Rc5 37. e6 f5 38. Rd7 Kf6 39. Rfd4 Ra5 40. Rd2 Rxe6 41. Rc7 Re1+ 42. Kf2 Re7 43. Rc6+ Re6 44. Rc7 Kg5 45. Rc2 Kf4 46. c5 bxc5 47. R7xc5 Ra4 48. R5c4+ Re4 49. Rc6 g5 50. R6c3 g4 51. Rc7 a5 52. R7c5 Ra3 53. Kg2 Kg5 54. Rc8 Re6 55. Rg8+ Kf4 56. Rf8 Re5 57. Rf7 Ree3 58. Rf2+ Rf3 59. Rc2 Rfe3 60. Rf2+ Kg5 61. Ra7 Re2 62. Ra8 Rxf2+ 63. Kxf2 Kf4 64. Rc8 Ra4 65. Rc3 Rd4 66. a3 Rd2+ 67. Kg1 Ke4 68. Rb3 Rd3 69. Rxd3 Kxd3 70. Kf2 f4 71. h4 gxh3 72. Kf3 h2 73. Kg2 Ke2 74. Kxh2 f3 0-1

[Event "Pindamonhangaba op 1st"]
[Site "Pindamonhangaba"]
[Date "2019.04.07"]
[Round "4"]
[White "Rodrigues, Tiago Pereira"]
[Black "Crozariol, Luiz Eduardo Andrau"]
[Result "1-0"]
[WhiteElo "2160"]
[BlackElo "1563"]
[PlyCount "179"]
[EventDate "2019.04.06"]
[EventType "swiss"]
[EventRounds "5"]
[EventCountry "BRA"]
[SourceTitle "CBM 190 Extra"]
[Source "ChessBase"]
[SourceDate "2019.07.15"]
[SourceVersion "1"]
[SourceVersionDate "2019.07.15"]
[SourceQuality "1"]

1. f4 d5 2. Nf3 c5 3. e3 Bf5 4. b3 Nf6 5. Bb2 e6 6. Bb5+ Nbd7 7. 0-0 a6 8. Bd3 Bxd3 9. cxd3 Be7 10. Nc3 0-0 11. Qe1 b5 12. Ne5 Nxe5 13. fxe5 Nd7 14. Ne2 f6 15. exf6 Bxf6 16. Bxf6 Nxf6 17. Nf4 Qd6 18. Rc1 e5 19. Ne2 Rac8 20. Qg3 Qe6 21. h3 Rf7 22. Qg5 h6 23. Qg6 c4 24. d4 exd4 25. Nxd4 Qe4 26. Nf5 Kf8 27. Qxf7+ Kxf7 28. Nd6+ Ke6 29. Nxe4 Nxe4 30. d3 Ng3 31. Rf2 c3 32. b4 Nf5 33. Re2 Ke5 34. g4 Nd6 35. Rec2 d4 36. Kf2 Nf7 37. Ke2 Ng5 38. Rf1 Ne6 39. Rf5+ Kd6 40. h4 Re8 41. h5 Nc7 42. e4 Re7 43. Rc1 Kc6 44. Rcf1 Kb6 45. Rf7 Rxf7 46. Rxf7 Ne6 47. Kd1 Kc6 48. Kc2 Kd6 49. a3 Kc6 50. Re7 Kd6 51. Rf7 Kc6 52. e5 Kd5 53. Ra7 Kxe5 54. Rxa6 Kd5 55. Ra7 Kc6 56. Re7 Kd6 57. Rf7 Kc6 58. Rf5 Ng5 59. Rc5+ Kb6 60. Rf5 Kc6 61. Kb3 Ne6 62. Rf1 Ng5 63. a4 bxa4+ 64. Kxa4 Ne6 65. Kb3 Kb5 66. Rf5+ Kc6 67. Rf3 Kd5 68. Rf1 Kc6 69. Kc4 Kd6 70. Ra1 Nf4 71. Kxd4 c2 72. Kc3 Nd5+ 73. Kxc2 Nxb4+ 74. Kd2 Nc6 75. Ke3 Ne5 76. Ra4 Ke6 77. Re4 Kf6 78. d4 Nc4+ 79. Kf4 Nd6 80. Re2 Nb5 81. d5 Nc3 82. Rd2 Ke7 83. d6+ Kd7 84. Ke5 Nb5 85. Rc2 Na3 86. Rc5 Nb1 87. Rc7+ Ke8 88. Rxg7 Nd2 89. d7+ Kd8 90. Ke6 1-0

[Event "Jacarei op 1st"]
[Site "Jacarei"]
[Date "2018.09.16"]
[Round "5"]
[White "Nery Junior, Jose Antonio"]
[Black "Rodrigues, Tiago Pereira"]
[Result "1/2-1/2"]
[WhiteElo "2106"]
[BlackElo "2161"]
[PlyCount "88"]
[EventDate "2018.09.15"]
[EventType "swiss"]
[EventRounds "5"]
[EventCountry "BRA"]
[SourceTitle "CBM 186 Extra"]
[Source "ChessBase"]
[SourceDate "2018.08.24"]
[SourceVersion "1"]
[SourceVersionDate "2018.08.24"]
[SourceQuality "1"]

1. e4 c5 2. Nf3 a6 3. Nc3 d6 4. d4 cxd4 5. Nxd4 Nf6 6. f3 Qc7 7. Be3 e5 8. Nb3 Be6 9. Qd2 Nbd7 10. g4 h6 11. 0-0-0 b5 12. Kb1 Rb8 13. Nd5 Bxd5 14. exd5 Nb6 15. Bxb6 Rxb6 16. Qb4 Be7 17. h4 Nd7 18. Be2 Rb8 19. c3 Bd8 20. Qe4 Be7 21. Qe3 a5 22. Nc1 b4 23. c4 Qb6 24. Qd2 Kd8 25. Bd3 Kc7 26. Ne2 h5 27. g5 Rbf8 28. Ng3 g6 29. Rhe1 f5 30. gxf6 Bxf6 31. Rh1 Bg7 32. Rdf1 Rf4 33. Bxg6 Rxc4 34. Nxh5 Bh6 35. Qd3 Rd4 36. Qc2+ Kb8 37. Qc6 Qxc6 38. dxc6 Nc5 39. Nf6 Kc7 40. Rd1 Rxd1+ 41. Rxd1 Kxc6 42. Ne4 d5 43. Nxc5 Kxc5 44. Bf7 d4 1/2-1/2

[Event "BRA-ch Amateur U2200"]
[Site "Sao Paulo"]
[Date "2018.06.01"]
[Round "4"]
[White "Rodrigues, Tiago Pereira"]
[Black "De Lima, Alexsandro Barros"]
[Result "1-0"]
[WhiteElo "2182"]
[BlackElo "2084"]
[PlyCount "37"]
[EventDate "2018.05.31"]
[EventType "swiss"]
[EventRounds "7"]
[EventCountry "BRA"]
[SourceTitle "EXT 2019"]
[Source "ChessBase"]
[SourceDate "2018.10.10"]
[SourceVersion "1"]
[SourceVersionDate "2018.10.10"]
[SourceQuality "1"]

1. d4 Nf6 2. Bf4 g6 3. Nf3 Bg7 4. c4 0-0 5. Nc3 d5 6. e3 c5 7. Rc1 cxd4 8. Nxd4 Nc6 9. Nxc6 bxc6 10. Be2 Qa5 11. 0-0 dxc4 12. Qa4 Qf5 13. Qxc6 Be6 14. Bxc4 Bxc4 15. Qxc4 e5 16. Bg3 Rab8 17. b3 Rbc8 18. Qe2 e4 19. Nb5 1-0

[Event "BRA-ch Amateur U2200"]
[Site "Sao Paulo"]
[Date "2018.05.31"]
[Round "2"]
[White "Rodrigues, Tiago Pereira"]
[Black "De Souza Monteiro, Marcos Paulo"]
[Result "1-0"]
[WhiteElo "2182"]
[BlackElo "1928"]
[PlyCount "60"]
[EventDate "2018.05.31"]
[EventType "swiss"]
[EventRounds "7"]
[EventCountry "BRA"]
[SourceTitle "EXT 2019"]
[Source "ChessBase"]
[SourceDate "2018.10.10"]
[SourceVersion "1"]
[SourceVersionDate "2018.10.10"]
[SourceQuality "1"]

1. e4 c6 2. d4 d5 3. exd5 cxd5 4. Nf3 Nf6 5. Ne5 e6 6. c3 Be7 7. Bd3 Nc6 8. 0-0 Nxe5 9. dxe5 Nd7 10. Qe2 Qc7 11. Re1 Nc5 12. Bc2 Bd7 13. Nd2 0-0-0 14. Nf3 f5 15. Nd4 g5 16. a4 Rhg8 17. a5 a6 18. Be3 Qxe5 19. Nf3 Qc7 20. Bd4 Bd6 21. b4 Bb5 22. bxc5 Bxe2 23. cxd6 Qc4 24. d7+ Rxd7 25. Ne5 Qc7 26. Nxd7 Qxd7 27. Rxe2 f4 28. Rae1 Re8 29. Bf5 Qb5 30. Rxe6 Rxe6 1-0

[Event "Juiz de Fora op"]
[Site "Juiz de Fora"]
[Date "2016.11.06"]
[Round "6"]
[White "Rodrigues, Tiago Pereira"]
[Black "Lennard, Anthony"]
[Result "1-0"]
[WhiteElo "2194"]
[BlackElo "2092"]
[PlyCount "83"]
[EventDate "2016.11.04"]
[EventType "swiss"]
[EventRounds "6"]
[EventCountry "BRA"]
[SourceTitle "CBM 175 Extra"]
[Source "ChessBase"]
[SourceDate "2016.12.12"]
[SourceVersion "1"]
[SourceVersionDate "2016.12.12"]
[SourceQuality "1"]

1. d4 Nf6 2. Nf3 b6 3. c4 d5 4. cxd5 Nxd5 5. e4 Nf6 6. Nc3 Bb7 7. Bb5+ c6 8. Bd3 g6 9. 0-0 Bg7 10. Bg5 0-0 11. Qd2 Nbd7 12. Rad1 Re8 13. e5 Nd5 14. Ne4 Qb8 15. Bh6 Nf8 16. h4 Ne6 17. h5 f5 18. exf6 exf6 19. hxg6 hxg6 20. Bc4 Kh7 21. Bxg7 Kxg7 22. Rfe1 Qc7 23. Nc3 Re7 24. Re4 Rh8 25. Rde1 Qd7 26. a3 g5 27. Ba2 Nef4 28. Nxd5 Rxe4 29. Rxe4 cxd5 30. Rxf4 gxf4 31. Qxf4 Ba6 32. Nh4 Rh5 33. Bb1 Rg5 34. Bf5 Qf7 35. Nf3 Rh5 36. Qg4+ Kh8 37. Bg6 Qc7 38. Qxh5+ Kg8 39. Qh6 Qg7 40. Qxg7+ Kxg7 41. Bf5 Be2 42. Be6 1-0

[Event "Juiz de Fora op"]
[Site "Juiz de Fora"]
[Date "2016.11.05"]
[Round "3"]
[White "Deus Filho, Joaquim"]
[Black "Rodrigues, Tiago Pereira"]
[Result "1-0"]
[WhiteElo "1969"]
[BlackElo "2194"]
[PlyCount "67"]
[EventDate "2016.11.04"]
[EventType "swiss"]
[EventRounds "6"]
[EventCountry "BRA"]
[SourceTitle "CBM 175 Extra"]
[Source "ChessBase"]
[SourceDate "2016.12.12"]
[SourceVersion "1"]
[SourceVersionDate "2016.12.12"]
[SourceQuality "1"]

1. e4 c5 2. Nf3 Nc6 3. Bb5 Qb6 4. Nc3 e6 5. a4 Nge7 6. 0-0 Nd4 7. Bc4 Nec6 8. d3 Be7 9. Nxd4 cxd4 10. Ne2 Ne5 11. Bb3 d6 12. Ng3 Nd7 13. f4 Nc5 14. Bc4 Bd7 15. f5 0-0-0 16. a5 Qc6 17. b4 d5 18. exd5 exd5 19. b5 Qc7 20. b6 Qc6 21. Bf4 dxc4 22. bxa7 Qa6 23. Bb8 Bc6 24. Qg4 Bf6 25. Rfb1 Nb3 26. cxb3 c3 27. Qf4 Rd7 28. b4 Bb5 29. Ne4 Be7 30. Nc5 Bxc5 31. bxc5 c2 32. Rxb5 Qxb5 33. a8Q Qb1+ 34. Qf1 1-0